| 000 | 00651nam a2200241Ia 4500 | ||
|---|---|---|---|
| 001 | dia_2337 | ||
| 003 | CHAP | ||
| 005 | 20230531095216.0 | ||
| 008 | 220117s1972 xx 000 0 und d | ||
| 010 | _a172858 | ||
| 040 | _cCHAP | ||
| 082 | _a658.04 M6 | ||
| 100 |
_aMontaño G., Agustín _977747 |
||
| 245 |
_aIniciación al Método del Camino Crítico / _c por Agustín Montaño G. |
||
| 250 | _a3 | ||
| 260 |
_aMéxico : _b Trillas, _c1972 |
||
| 300 | _a231 p. | ||
| 650 |
_a1.Ruta crítica. _9152597 |
||
| 901 | _a658.04 M6 | ||
| 902 | _aM | ||
| 905 | _a0000001972 MEXA 0000000000ESP00 | ||
| 942 |
_cLIBRO _2ddc |
||
| 999 |
_c172858 _d172858 |
||